Země Nejblíže k Česka - Jedna Minuta Sprint - Statistics

General Stats
  • This quiz has been taken 998 times
  • The average score is 13 of 20
Answer Stats
km země míle % Correct
0 Německo 0
99%
0 Polsko 0
99%
0 Slovensko 0
99%
0 Rakousko 0
98%
70 Maďarsko 43
85%
313 Francie 194
77%
200 Slovinsko 125
77%
263 Ukrajina 164
76%
218 Itálie 135
68%
404 Belgie 251
66%
234 Chorvatsko 145
66%
314 Švýcarsko 195
66%
421 Dánsko 261
63%
429 Nizozemsko 266
61%
401 Lucembursko 249
43%
334 Lichtenštejnsko 204
41%
395 Bělorusko 245
38%
321 Rumunsko 199
34%
330 Srbsko 205
31%
371 Bosna a Hercegovina 231
27%
No matching quizzes found
Score Distribution
Percent of People with Each Score
Percentile by Number Answered
Your Score History
You have not taken this quiz